Κατάλογος Βιβλιοθηκών Mediterranean College

Βασικές Αρχές της Οικονομίας (Record no. 2619)

MARC details
000 -LEADER
fixed length control field 01434cam a22001934a 4500
005 - ΗΜΕΡΟΜΗΝΙΑ ΚΑΙ ΩΡΑ ΤΕΛΕΥΤΑΙΑΣ ΕΝΗΜΕΡΩΣΗΣ
Πεδίο ελέγχου 20250605164048.0
008 - FIXED-LENGTH DATA ELEMENTS--GENERAL INFORMATION
Πεδίο ελέγχου σταθερού μήκους 250528s ||||||||||||||||||||||||d
035 ## - SYSTEM CONTROL NUMBER
System control number 17184
020 ## - ISBN
ISBN 9602860081
040 ## - ΠΗΓΗ ΚΑΤΑΛΟΓΟΓΡΑΦΗΣΗΣ
Φορέας πρωτότυπης καταλογογράφησης MC Athens Campus Library
Γλώσσα καταλογογράφησης Ελληνικά, Μοντέρνα (1453-)
Modifying agency MC Athens Campus Library
Κανόνες περιγραφικής καταλογογράφησης AACR2
245 1# - ΤΙΤΛΟΣ ΚΑΙ ΔΗΛΩΣΗ ΥΠΕΥΘΥΝΟΤΗΤΑΣ
Τίτλος Βασικές Αρχές της Οικονομίας
260 ## - PUBLICATION, DISTRIBUTION, ETC.
Name of publisher, distributor, etc. Έλλην,
Date of publication, distribution, etc. 1992
300 ## - PHYSICAL DESCRIPTION
Extent 102
520 ## - SUMMARY, ETC.
Summary, etc. Βασικές Έννοιες και Προβλήματα της Οικονομίας, Η Φύση του Οικονομικού Προβλήματς, Οι Βάσεις της Οικονομικής Προόδου, Η Οργάνωση της Οικονομίας και τα Οικονομικά Συστήματα, Η Λειτουργία της Αγοράς, Ο Προγραμματισμός στην Ελλάδα, Τα Μέσα Δράσης του Κράτους, Το Κράτος και οι Στόχοι του στις Ελεύθερες Οικονομίες, Τομείς και Κλάδοι Παραγωγής, Η Σύνοδος του Μάαστριχ και τα Οφέλη που είναι Δυνατόν να Προκύψουν για την Ελληνική Οικονομία, Ανθρώπινος Παράγοντας και Οικονομική Ανάπτυξη και Κράτος, Παράρτημα, Βιβλιογραφία.
700 1# - ΠΡΟΣΘΕΤΗ ΑΝΑΓΡΑΦΗ--ΦΥΣΙΚΟ ΠΡΟΣΩΠΟ
Personal name Κομισοπούλου Φ
9 (RLIN) 3345
942 ## - ADDED ENTRY ELEMENTS (KOHA)
Koha item type Books
Holdings
Τύπος τεκμηρίου Βιβλιοθήκη Τρέχουσα τοποθεσία Barcode Αριθμός εισαγωγής Ημερομηνία απόκτησης Ταξιθετικό σύμβολο Αριθμός αντιτύπου Κατάσταση απόσυρσης Κατάσταση χαμένου Κατάσταση κατεστραμμένου Μη δανεισμός Σύνολο δανεισμών Ημερομηνία τελευταίας εμφάνισης Η τιμή ισχύει από
Books MC Athens Campus Library MC Athens Campus Library 9780000026187 8444 05/06/2025 338.5 KOM 1           05/06/2025 05/06/2025

MC Athens Campus Library
Πατησίων 94 & Κοδριγκτώνος 13, 104 34
Πελλήνης 8 & Πατησίων 107, 112 51
Τ: +30 210 8899600

MC Thessaloniki Campus Library
Ίωνος Δραγούμη 21, 54625 | Ίωνος Δραγούμη 15, 54625
Τ: +30 2310 287779 – Τ: +30 2314 440300